000 00875nas a2200277 4500
001 BR2019000067
003 BR-BrBNA
005 20231205131530.0
007 ta
008 230509b bl.|||p| |||| 00| 00por d
040 _aBR-BrBNA
_bpor
_cBiblioteca Nacional de Agricultura
041 _a(Pt)
072 _aF06; N20
100 1 _aRibeiro, M.D.
100 1 _aTestezlaf, R.
100 1 _aFerrarezi, R.S.
245 1 _aValidação de parâmetros operacionais para o manejo de mesas de subirrigação
650 _aIRRIGAÇÃO
650 _aÁGUA
650 _aMANEJO
650 _aEQUIPAMENTO RURAL
773 0 _tHorticultura Brasileira (Brazil)
_xISSN 1806-9991
_g(Oct-Dec 2017), v. 35(4) p. 549-556
_wBR2019000067
856 4 0 _uhttp://www.scielo.br/pdf/hb/v35n4/1806-9991-hb-35-04-549.pdf
909 _a202311
_bLúcia
_c55
_dLúcia Elande
942 _2AGRIS
_n0
_cANA
999 _c255311
_d255311